MARC details
| 000 -LEADER |
| fixed length control field |
009570000a22002650004500 |
| 003 - CONTROL NUMBER IDENTIFIER |
| control field |
LK-CoMWRAF |
| 008 - FIXED-LENGTH DATA ELEMENTS--GENERAL INFORMATION |
| fixed length control field |
230817t1997 ||||| |||| 00| 0 eng d |
| 020 ## - INTERNATIONAL STANDARD BOOK NUMBER |
| International Standard Book Number |
0195641795 |
| 040 ## - CATALOGING SOURCE |
| Original cataloging agency |
LK-CoMWRAF |
| Modifying agency |
LK-CoMWRAF |
| Description conventions |
LK-CoMWRAF |
| 041 ## - LANGUAGE CODE |
| Language code of text/sound track or separate title |
English |
| 082 ## - DEWEY DECIMAL CLASSIFICATION NUMBER |
| Classification number |
305.4 |
| Item number |
FEM |
| 942 ## - ADDED ENTRY ELEMENTS (KOHA) |
| Koha item type |
Conference Proceeding |
| 111 ## - MAIN ENTRY--MEETING NAME |
| Meeting name or jurisdiction name as entry element |
FEMININITY, THE FEMALE BODY AND SEXUALITY IN CONTEMPORARY SOCIETY |
| Location of meeting |
(Nehru memorial museum and library, New Delhi, |
| Date of meeting |
November 1994) |
| 700 ## - ADDED ENTRY--PERSONAL NAME |
| Personal name |
Thapan, Meenakshi |
| relator term |
editor |
| 245 ## - TITLE STATEMENT |
| Title |
Embodiment: |
| Remainder of title |
essays on gender and identity |
| 260 ## - PUBLICATION, DISTRIBUTION, ETC. (IMPRINT) |
| Place of publication, distribution, etc. |
Delhi: |
| Name of publisher, distributor, etc. |
Oxford University press, |
| Date of publication, distribution, etc. |
1997 |
| 300 ## - PHYSICAL DESCRIPTION |
| Extent |
xiii, 340 p. ; 22 cm. |
| Other physical details |
Bibliography and index included |
| 650 ## - SUBJECT ADDED ENTRY--TOPICAL TERM |
| Topical term or geographic name as entry element |
GENDER IDENTITY-India--Congresses. |
| 650 ## - SUBJECT ADDED ENTRY--TOPICAL TERM |
| Topical term or geographic name as entry element |
Human body--Social aspects--India |
| 650 ## - SUBJECT ADDED ENTRY--TOPICAL TERM |
| Topical term or geographic name as entry element |
Sex role--India |
| 650 ## - SUBJECT ADDED ENTRY--TOPICAL TERM |
| Topical term or geographic name as entry element |
India--Religious life and customs |
| 650 ## - SUBJECT ADDED ENTRY--TOPICAL TERM |
| Topical term or geographic name as entry element |
Women -Cross-cultural studies |
| 650 ## - SUBJECT ADDED ENTRY--TOPICAL TERM |
| Topical term or geographic name as entry element |
Feminism |
| 650 ## - SUBJECT ADDED ENTRY--TOPICAL TERM |
| Topical term or geographic name as entry element |
Women -- Social conditions |